Operations research : (Record no. 184587)

000 -LEADER
fixed length control field 00702 a2200193 4500
003 - CONTROL NUMBER IDENTIFIER
control field Nust
005 - DATE AND TIME OF LATEST TRANSACTION
control field 20230327113955.0
010 ## - LIBRARY OF CONGRESS CONTROL NUMBER
LC control number 75023890
020 ## - INTERNATIONAL STANDARD BOOK NUMBER
International Standard Book Number 0876206410
040 ## - CATALOGING SOURCE
Transcribing agency Nust
082 00 - DEWEY DECIMAL CLASSIFICATION NUMBER
Classification number 658.4034,HAR
100 1# - MAIN ENTRY--PERSONAL NAME
Personal name Hartley, Ronald V.
9 (RLIN) 111443
245 10 - TITLE STATEMENT
Title Operations research :
Remainder of title a managerial emphasis /
Statement of responsibility, etc. Ronald V. Hartley.
260 ## - PUBLICATION, DISTRIBUTION, ETC.
Place of publication, distribution, etc. Pacific Palisades, Calif. :
Name of publisher, distributor, etc. Goodyear Pub. Co.,
Date of publication, distribution, etc. c1976.
300 ## - PHYSICAL DESCRIPTION
Extent xviii, 795 p. :
Other physical details ill. ;
Dimensions 24 cm.
505 ## - FORMATTED CONTENTS NOTE
Formatted contents note Part 1:- Introduction Topics in Operations Research (Page-1), Part 2:- Intermediate topics in Mathematical Programming (Page-363), Part 3:- Stochastic Models (Page-577).
650 #0 - SUBJECT ADDED ENTRY--TOPICAL TERM
Topical term or geographic name entry element Operations research.
942 ## - ADDED ENTRY ELEMENTS (KOHA)
Source of classification or shelving scheme
Koha item type Book
Holdings
Withdrawn status Lost status Source of classification or shelving scheme Damaged status Not for loan Permanent Location Current Location Shelving location Date acquired Full call number Barcode Date last seen Price effective from Koha item type Public note
          Military College of Signals (MCS) Military College of Signals (MCS) General Stacks 12/12/2016 658.4034,HAR MCS20693 12/08/2016 12/12/2016 Book Almirah No.75, Shelf No.2
          Military College of Signals (MCS) Military College of Signals (MCS) General Stacks 12/12/2016 658.4034,HAR MCS20694 12/08/2016 12/12/2016 Book Almirah No.75, Shelf No.2
© 2023 Central Library, National University of Sciences and Technology. All Rights Reserved.